000 00696nam a2200241Ia 4500
003 OSt
005 20221005065707.0
006 a|||||r|||| 00| 0
007 ta
008 221004b |||||||| |||| 00| 0 eng d
024 _a122299
037 _bGift, 27/10/2012,
_cTextual
040 _aCRL
_cCRL
_beng
041 _2eng
_aeng
082 _aR33, H7
100 _aLenin V. I.
245 0 _aMaterialism and empirio - criticism
_b Critical comments on a reactionary philosophy
260 _aMoscow
_bForeign Languages Pub
_c1947
300 _a391p.
_ccm.
650 _aPHILOSOPHY
942 _hR33, H7
_cTEXL
_2cc
999 _c975014
_d975014